000
00320nam a22001337a 4500
008
250714b |||||||| |||| 00| 0 eng d
020
_a
9781693888
050
_a
HD40
_b
.K37
100
_a
KAREEM, T . S
245
_a
Inventory Management
260
_a
Ibadan
_b
Titles Publishing
_c
2011
300
_a
ix, 158p.
942
_c
BK
999
_c
4300
_d
4300